| Поле | Инд. | ПП | Название | Значение |
|---|---|---|---|---|
| Тип записи | a | |||
| Библиографический уровень | m | |||
| 001 | Контрольный номер | c448e8d2-89b7-4541-a627-ed8c74593e31 | ||
| 005 | Дата корректировки | 20140703162654.3 | ||
| 008 | Кодируемые данные | 071224 | ||
| 020 | a | ISBN | 978-5-370-00907-5 | |
| c | Цена, тираж | 172.05 | ||
| 040 | a | Служба первич. каталог. | НБ ТвГУ | |
| 041 | a | Код языка текста | rus | |
| 080 | a | Индекс УДК | 005.7/.9:303(075.8) | |
| 084 | a | Индекс другой классификации/Индекс ББК | С84в6я73-1 | |
| 090 | a | Полочн. индекс | С84в6 | |
| x | Авторский знак | Ф86 | ||
| 100 | 1_ | a | Автор | Фрейдина Елизавета Васильевна |
| 245 | 10 | a | Заглавие | Исследование систем управления |
| b | Продолж. заглавия | учеб. пособие по специальности "Менеджмент организации" | ||
| c | Ответственность | Е. В. Фрейдина ; под ред. Ю. В. Гусева | ||
| 260 | 0_ | a | Место издания | Москва |
| b | Издательство | Омега-Л | ||
| c | Дата издания | 2008 | ||
| 300 | a | Объем | 367 с. | |
| b | Иллюстрации/ тип воспроизводства | ил., табл. | ||
| 440 | a | Серия | Высшая школа менеджмента | |
| 504 | a | Библиография | Библиогр.: с. 361-367. | |
| 583 | a | Действие | Получение впервые 344 21.12.2007 | |
| k | Исполнитель действия | ООО "ТД Учкнига" | ||
| 650 | a | Основная рубрика | Системы управления | |
| x | Основная подрубрика | Методы исследования | ||
| x | Основная подрубрика | Учебники для вузов | ||
| 650 | a | Основная рубрика | Управление | |
| x | Основная подрубрика | Системный подход | ||
| 653 | a | Ключевые слова | Исследование систем управления | |
| a | Ключевые слова | Методы исследования | ||
| a | Ключевые слова | Организационные системы | ||
| a | Ключевые слова | Системный анализ | ||
| a | Ключевые слова | Системы управления | ||
| a | Ключевые слова | Тестирование систем управления | ||
| 700 | 1_ | a | Другие авторы | Гусев Ю. В. |
| e | Роль лиц | ред. | ||
| 852 | t | Порядковый номер экземпляра | 10 | |
| p | Инвентарный номер | 900282 | ||
| p | Инвентарный номер | 900283 | ||
| p | Инвентарный номер | 900284 | ||
| p | Инвентарный номер | 900285 | ||
| p | Инвентарный номер | 900286 | ||
| p | Инвентарный номер | 900287 | ||
| p | Инвентарный номер | 900288 | ||
| p | Инвентарный номер | 900289 | ||
| p | Инвентарный номер | 900290 | ||
| p | Инвентарный номер | 900291 | ||
| 863 | t | 00213607 | ||
| 863 | t | 00213608 | ||
| 863 | t | 00213609 | ||
| 863 | t | 00213610 | ||
| 863 | t | 00213611 | ||
| 863 | t | 00213612 | ||
| 863 | t | 00213613 | ||
| 863 | t | 00213614 | ||
| 863 | t | 00213615 | ||
| 863 | t | 00213616 | ||
| 888 | a | За счет средств университета | ||
| 930 | a | Новая/Ретро | учебники | |
| 952 | p | 344.2007 172.05 1 900282 | ||
| p | 344.2007 172.05 1 900283 | |||
| p | 344.2007 172.05 1 900284 | |||
| p | 344.2007 172.05 1 900285 | |||
| p | 344.2007 172.05 1 900286 | |||
| p | 344.2007 172.05 1 900287 | |||
| p | 344.2007 172.05 1 900288 | |||
| p | 344.2007 172.05 1 900289 | |||
| p | 344.2007 172.05 1 900290 | |||
| p | 344.2007 172.05 1 900291 | |||
| c | Вид литературы | К ру | ||
| 954 | a | Дата поступления на обработку | 20080201 | |
| 999 | a | Подразделение 2 | Фил1 |